Statystyki dla Quiz o Andorze!

Kliknij tutaj aby rozwiązać quiz!

Ogólne statystyki

  • Ten quiz został rozwiązany 13 razy
  • Średni wynik to 5 z 15

Statystyki odpowiedzi

PodpowiedźOdpowiedź% Poprawnych
Stolica Andory to:Andora
92%
Jaka waluta obowiązuje w Andorze?Euro
85%
Z iloma państwami graniczy Andora?2
77%
Jaka jest domena internetowa w Andorze?.ad
62%
Jaki język jest w Andorze?Kataloński
62%
Co widnieje na środku flagi?Herb
23%
Ile km ma Andora z Hiszpanią?55
15%
Gdzie leży Andora?W Pirenejach
15%
Czwarte największe miasto w Andorze to:Encamp
8%
Drugie największe miasto w Andorze to:Escaldes-Engordany
8%
Jak się nazywa hymn Andory?Karol Wielki
8%
Narodowym sportem Andory to:Narciarstwo
8%
Trzecie największe miasto w Andorze to:Sant Julia de Loria
8%
Najdłuższa rzeka w Andorze to:Valira
8%
Jak się nazywa premier Andory?Xavier Espot Zamora
8%

Rozkład punktacji

Percentyl według liczby udzielonych odpowiedzi

Procent ludzi z każdym wynikiem

Twoja historia wyników

Nie rozwiązałeś tego quizu